000 01149cam a22002054a 4500
005 20250605164051.0
008 250528s ||||||||||||||||||||||||d
035 _a17270
020 _a198773730
040 _aGR-AtMCL
_bgre
_dGR-AtMCL
_eAACR2
245 1 _aThe Economics of the European Union / Policy and Analysis
260 _bOxford University Press,
_c1995
300 _a434
520 _aThis book contains a highly readable set of original papers which provide good coverage of the economic issues which confront EU policy makers. Abbreviations, Introduction, History and Institutions of the European Union, The European Economy, The Economic Analysis of Preferential Trading Areas, The Common Agricultural Policy, Competition Policy, Science and Technology Policy, Regional Policy, Transport Policy, Environmental Policy, Social Policy, Developments in Trade and Trade Policy, The European Monetary System, European Monetary Union, The EC Budget, Foreign Aid and External Assistance, Discussion Questions, Index.
700 1 _aArtis Mike
_93430
700 1 _aLee Norman
_93426
942 _cBK
999 _c2698
_d2698